000 00386pam a2200157a 44500
008 230515b2003 xxu||||| |||| 00| 0 eng d
020 _aNULL
041 _aENGL
082 _a005.12/ COO
100 _aCOOPER A. & REIMANN R.
245 _aABOUT FACE 2.0 THE ESSENTIALS OF INTERACTION DESIGN
250 _aN.D.
260 _aNULL
_bWILEY
_c2003
300 _a540 PB
650 _aNULL
999 _c634579
_d634579